000 00682cam a2200229 a 4500
001 4508403
005 20180314080836.0
008 980826s1999 ctua b 001 0 eng
010 _a 98041873
020 _a1561581615
040 _aDLC
_cDLC
_dDLC
041 _aeng
080 _a643.3 KEL
082 0 0 _a643.3 KEL
_221
100 1 _a41
101 _aNDE
245 1 4 _aThe kitchen idea book /
_cJoanne Kellar Bouknight.
504 _aIncludes bibliographical references.
906 _a7
_bcbc
_corignew
_d1
_eocip
_f19
_gy-gencatlg
942 _2ddc
_cBK
999 _c45003
_d45003